| 000 | 00858nam a2200217Ia 4500 | ||
|---|---|---|---|
| 999 |
_c39327 _d39327 |
||
| 001 | 5913 | ||
| 003 | GE_BSU | ||
| 005 | 20190821101417.0 | ||
| 008 | 181216s1964||||ge |||||||||||||| ||geo|| | ||
| 040 | _cGE_BSU | ||
| 041 | _ageo | ||
| 080 | _a821.353.1-1 ა-13 | ||
| 100 |
_aაბაშიძე, გრიგოლ _91383 |
||
| 245 |
_aმეც შევარდენი ვიქნები : _bლექსები / _cგრიგოლ აბაშიძე ; რედ. ნ. არჯევანიძე. |
||
| 264 |
_aთბილისი : _bნაკადული ; _c1964. |
||
| 300 |
_a95 გვ. ; _c16 სმ. |
||
| 653 | _aლექსები | ||
| 653 | _aმეც შევარდენი ვიქნები | ||
| 700 |
_aარჯევანიძე, ნ. _eრედაქტორი _93716 |
||
| 942 |
_cBK _2udc |
||